| 000 | 003610000a22001450004500 | ||
|---|---|---|---|
| 003 | MACL | ||
| 040 | _aMACL | ||
| 090 |
_c37552 _d37550 |
||
| 100 | _aForsyth, Captain J | ||
| 245 |
_aThe highlands of Central India _bwith map and illustration |
||
| 260 |
_bAsian Publication Services _c1975 |
||
| 350 | _a120 | ||
| 650 | _aIndian History | ||
| 942 |
_cBOOK _k954/FOR |
||
| 999 |
_c37149 _d37149 |
||